000 00581nam a2200205Ia 4500
003 GCL
008 140319s9999 xx 000 0 eng d
040 _aGCL /
_cGCL
082 0 4 _a302.2
_bC C
100 1 _aCANARY, DANIEL J.
245 1 0 _aCOMMUNICATION AND RELATIONAL MAINTENANCE /
_cCANARY, DANIEL J.
700 1 _aSTAFFORD, LAURE
260 _a[S.N] :
_bACADEMIC PRESS LIMITED. ،
_c1994
300 _a313 P
650 0 4 _aINTERPRETATION
650 0 4 _aINTERPERSONAL RELALIONS
650 0 4 _aINTERPERSONAL COMMUNICATION
650 0 4 _aCONFLICT MANAGEMENT
942 _2ddc
_cBK
999 _c10952
_d10952